000 01669nam a2200229Ia 4500
008 260220t1957||||xx |||||||||||||| ||spa||
040 _aPY-SlUNAC
_bspa
_erda
041 _aspa
082 _a685.3
_bEs61i
245 0 _aLa industria del calzado en los Estados Unidos
264 _aMadrid :
_bEl Ministerio,
_c℗1957.
300 _a1 volumen
520 _aEl libro "La industria del calzado en los Estados Unidos" proporciona un análisis exhaustivo del desarrollo y la evolución de esta importante sector en el país, desde sus inicios hasta mediados del siglo XX. A través de un enfoque histórico, se examinan los cambios en la producción, las tecnologías involucradas y las condiciones laborales en las fábricas de calzado. Además, se discuten los impactos económicos y sociales de la industria, así como la influencia de factores externos como la competencia internacional. El texto también aborda las estrategias adoptadas por las empresas estadounidenses para mantener su competitividad, incluyendo innovaciones en diseño y marketing. Se presentan estadísticas y datos relevantes que ilustran la magnitud de la industria, así como su contribución al empleo y al crecimiento económico. En su conjunto, el libro ofrece una visión integral de la industria del calzado en Estados Unidos, destacando su importancia y los desafíos que enfrenta en un contexto global en constante cambio.
651 _aEstados Unidos de América
653 _aCalzado
653 _aIndustria
942 _b2026/02/17
_cBK
999 _c8843
_d8843